| 000 | 01005nmm a2200301 a 4500 | ||
|---|---|---|---|
| 001 | ocm0001864636 | ||
| 003 | TR-IsHL | ||
| 005 | 20201028171803.0 | ||
| 008 | 180330s2016 tu tur | ||
| 007 | cr cn | ||
| 020 | _a9786051511863 | ||
| 035 |
_a1864636 _b(N$T) |
||
| 050 | 0 | 4 |
_aRC488.5 _b.Y39 2016 |
| 090 | 0 | 4 |
_aRC488.5 _b.Y39 2016 |
| 100 | 1 | _aYaylamaz, Selahattin | |
| 245 | 1 | 0 |
_aKadın mutluysa herkes mutludur _h[electronic resource] / _cSelahattin Yaylamaz ; editör Erol Şahnacı |
| 260 |
_aİstanbul : _bHayat Yayınları, _c2016 |
||
| 300 | _a201 p. | ||
| 650 | 4 | _aTıp | |
| 650 | 4 | _aMedicine | |
| 650 | 0 | _aAile psikoterapisi | |
| 650 | 0 | _aFamily psychotherapy | |
| 650 | 0 |
_aGizli iletişim _x Aile terapileri |
|
| 650 | 0 |
_aConfidential communications _x Family therapists |
|
| 650 | 7 |
_aPSYCHOLOGY / Psychotherapy / General _2bisacsh |
|
| 700 | 1 | _aŞahnacı, Erol | |
| 856 | 4 | 0 | _uhttp://search.ebscohost.com/login.aspx?direct=true&scope=site&db=e011xww&AN=1864636 |
| 999 |
_c16876 _d16876 |
||